| 000 | 00603nam a2200181 a 4500 | ||
|---|---|---|---|
| 005 | 20231128063749.0 | ||
| 008 | 021112s1990 mx r 000 0 spa d | ||
| 035 | _aUPN01000120951 | ||
| 049 | _aCG | ||
| 050 | 4 |
_aLC3735 M6 _bC8.7 no.3b |
|
| 245 | 0 | 0 |
_aEducación y capacitación de la mujer indígena : _bantología. |
| 260 |
_aMéxico : _bSEP, Dirección General de Educación Indígena, _c1990. |
||
| 300 | _a282 p. | ||
| 440 | 0 |
_aCurso de capacitación para la docencia en el medio indígena ; _v[3b] |
|
| 500 | _a"Módulo III" | ||
| 650 | 4 |
_aIndígenas de México _xEducación _910 |
|
| 905 | _aLibro | ||
| 999 |
_c93268 _d93268 |
||